The Turkic languages and literatures of the East European Karaites

Elmentve itt :
Bibliográfiai részletek
Szerző: Shapira Dan
Dokumentumtípus: Cikk
Megjelent: Brill Leiden ; Boston 2003
Sorozat:Karaite Judaism : a guide to its history and literary sources / ed. by Meira Polliack
Kulcsszavak:Karaim nyelv, Karaim irodalom története
Tárgyszavak:
Online Access:http://misc.bibl.u-szeged.hu/67929
LEADER 00848nab a2200229 i 4500
001 misc67929
005 20230220154212.0
008 230103s2003 hu o 0|| eng d
040 |a SZTE Miscellanea Repozitórium  |b hun 
041 |a eng 
100 1 |a Shapira Dan 
245 1 4 |a The Turkic languages and literatures of the East European Karaites  |h [elektronikus dokumentum] /  |c  Shapira Dan 
260 |a Brill  |b Leiden ; Boston  |c 2003 
300 |a 657-707  |c 21 cm 
300 |a [51] p.  |c 21 cm 
490 0 |a Karaite Judaism : a guide to its history and literary sources / ed. by Meira Polliack 
561 |a Németh Gyula hagyaték 
591 |a OA 6674 
650 4 |a Bölcsészettudományok 
650 4 |a Nyelvek és irodalom 
695 |a Karaim nyelv, Karaim irodalom története 
856 4 0 |u http://misc.bibl.u-szeged.hu/67929/1/6674.pdf  |z Dokumentum-elérés